000 00609nam a22002177a 4500
003 UA-OsUOA
001 59834
007 ta
008 20090429b un ||||| |||| 00| 0 ukr d
090 _a821.161.1
_bР89
942 _cBK
040 _aUA-OsUOA
_brus
_cUA-OsUOA
_dUA-OsUOA
245 _aРусская поэзия. 1801-1812
_cА. Немзер
300 _a383 с.
955 _a3
041 _arus
080 _a821.161.1
260 _aМ.
_bХудожественная литература
_c1989
650 7 _a82 Література. Літературознавство
_2UDC
999 _c345919
_d345919